The lost art of gratitude #6 / Alexander McCall ... Read More
Available copies
- 2 of 2 copies available at LARL/NWRL Consortium.
- 1 of 1 copy available at Lake Agassiz Regional Library. (Show preferred library)
Current holds
0 current holds with 2 total copies.
Show Only Available Copies
| Location | Call Number / Copy Notes | Barcode | Shelving Location | Status | Due Date |
|---|---|---|---|---|---|
| Moorhead Public Library | M MCC (Text) | 33500010192367 | Main | Available | - |
| Warroad Public Library | MCC (Text) | 35500004547277 | Main | Available | - |
Record details
- ISBN: 9780375425141
- ISBN: 0375425144
- Physical Description: 262 p. ; 22 cm.
- Publisher: New York : Pantheon Books, 2009.
Search for related items by subject
| Subject: | Adult Mystery Dalhousie, Isabel (Fictitious character) > Fiction. Women editors > Fiction. Women philosophers > Fiction. Investment bankers > Fiction. Edinburgh (Scotland) > Fiction. |
| Genre: | Mystery fiction. |
Search for related items by series
| LDR | 01614cam a22003978a 4500 | ||
|---|---|---|---|
| 001 | 106708 | ||
| 003 | LARL_NWRL_CONSORTIUM | ||
| 005 | 20090715104532.0 | ||
| 008 | 090605s2009 nyu 000 f eng | ||
| 010 | . | ‡a2009022618 | |
| 020 | . | ‡a9780375425141 | |
| 020 | . | ‡a0375425144 | |
| 035 | . | ‡a(OCoLC)297147183 | |
| 040 | . | ‡aDLC ‡cDLC ‡dBTCTA ‡dYDXCP ‡dWIM ‡dIK2 | |
| 043 | . | ‡ae-uk-st | |
| 082 | 0 | 0. | ‡a823/.914 ‡222 |
| 100 | 1 | . | ‡aMcCall Smith, Alexander, ‡d1948- ‡0(LARL_NWRL_CONSORTIUM)91145 |
| 245 | 1 | 4. | ‡aThe lost art of gratitude ‡n#6 / ‡cAlexander McCall Smith. |
| 260 | . | ‡aNew York : ‡bPantheon Books, ‡c2009. | |
| 300 | . | ‡a262 p. ; ‡c22 cm. | |
| 490 | 0 | . | ‡aIsabel Dalhousie ; ‡v6 |
| 650 | . | ‡aAdult Mystery | |
| 650 | 0. | ‡aDalhousie, Isabel (Fictitious character) ‡vFiction. | |
| 650 | 0. | ‡aWomen editors ‡vFiction. ‡0(LARL_NWRL_CONSORTIUM)167950 | |
| 650 | 0. | ‡aWomen philosophers ‡vFiction. | |
| 650 | 0. | ‡aInvestment bankers ‡vFiction. ‡0(LARL_NWRL_CONSORTIUM)169987 | |
| 651 | 0. | ‡aEdinburgh (Scotland) ‡vFiction. ‡0(LARL_NWRL_CONSORTIUM)164876 | |
| 655 | 7. | ‡aMystery fiction. ‡2gsafd | |
| 901 | . | ‡a106708 ‡bOCLC ‡c106708 ‡tbiblio | |

Add to basket
Permalink
Disable Highlighting